| 000 | 00660nam a2200205 i 4500 | ||
|---|---|---|---|
| 001 | 7296 | ||
| 003 | ES-MaACL | ||
| 005 | 20230906145214.0 | ||
| 008 | 901119s1990 xxk ||||1| eng d | ||
| 020 | _a0-300-04507-7 | ||
| 080 | _a929 Dionisio(38)I | ||
| 100 | 1 |
_aCaven, Brian. _937179 |
|
| 245 | 1 | 0 |
_aDionysius I : _bwar-lord of Sicily / _cBrian Caven. |
| 260 |
_aNew Haven and London : _bYale University Press, _c1990. |
||
| 300 |
_aXII, 272 p. ; _c24 cm. |
||
| 504 | _aBibliografía: p. 254-264. | ||
| 600 | 1 | 4 |
_aDionisio _bI _cTirano de Siracusa. _944856 |
| 651 | 4 |
_aSicilia- _xHistoria- _yHasta 827. _9156616 |
|
| 852 |
_aES-MaACL _jL-14455 _z- Enc. tela |
||
| 999 |
_c7296 _d7296 |
||